| 000 | 00778nam a22002417a 4500 | ||
|---|---|---|---|
| 999 |
_c3608 _d3608 |
||
| 003 | AR-CdUCM | ||
| 008 | 190306b ||||| |||| 00| 0 spa d | ||
| 020 | _a84-8280-714-5 | ||
| 040 |
_aMUNICIPALIDAD PROVINCIAL DEL CUSCO _cBIBLIOTECA MUNICIPAL DEL CUSCO |
||
| 041 | _heng | ||
| 082 |
_a808.8 / _bB972 |
||
| 100 |
_aBurroughs, Edgar Rice _911792 |
||
| 245 | _aTarzán de los monos / | ||
| 260 |
_aBogotá : . _bOveja Negra _c1984. |
||
| 300 |
_a261 paginas ; _c19 cm. |
||
| 505 | _aEn el mar -- El hogar en la selva -- Vida y muerte -- Los monos -- El mono blanco... | ||
| 650 |
_aNovelas estadounidenses _9734 |
||
| 650 |
_aNovelas de aventuras _9735 |
||
| 650 |
_aMonos _911793 |
||
| 700 |
_aRodriguez Regueira, Leopoldo _911794 |
||
| 942 |
_2ddc _cLIBROS |
||
| 945 | _awnts | ||